| 000 | 00853nam a2200229 i 4500 | ||
|---|---|---|---|
| 001 | 128206 | ||
| 003 | ES-MaACL | ||
| 005 | 20250815040440.0 | ||
| 007 | t| | ||
| 008 | 070625s1982 sp ||||1| spa d | ||
| 080 | _a61(05)(465.1+466)(091) | ||
| 100 | 1 |
_aGranjel, Luis S. _959645 |
|
| 245 | 1 | 0 |
_aPeriodismo médico vasco. _n, . I, _p"Guipuzcoa médica" / _cLuis S. Granjel. |
| 260 |
_aSalamanca : _bInstituto de Historia de la Medicina, Universidad, _c1982. |
||
| 300 |
_a42 p. ; _c22 cm. |
||
| 490 | 1 |
_aEstudios de Historia de la Medicina vasca ; _v7 |
|
| 650 | 1 | 4 |
_aMedicina- _zPaís Vasco _914914 |
| 710 | 2 |
_aUniversidad de Salamanca. _bInstituto de Historia de la Medicina Española. _97288 |
|
| 830 | 0 | 0 |
_aEstudios de historia de la medicina vasca _v7 _9186731 |
| 852 |
_aES-MaACL _j2120-F-27 _bR.102665 |
||
| 999 |
_c128206 _d128206 |
||